México y el orden económico internacional /

Sábháilte in:
Sonraí bibleagrafaíochta
Príomhchruthaitheoir: Martínez Tarragó, Trinidad (autor)
Rannpháirtithe: Flores de la Peña, Horacio (autor) (autor), Hernández, Héctor (autor) (autor)
Formáid: LEABHAR
Teanga:Spáinnis
Foilsithe / Cruthaithe: México : Partido Revolucionario Institucional, Secretaría de Asuntos Internacionales, 1982
Clibeanna: Cuir clib leis
Níl clibeanna ann, Bí ar an gcéad duine le clib a chur leis an taifead seo!

MARC

LEADER 00000nam^a2200000^a^4500
001 000426806
005 20250526000000.0
009 20260310122751.327
037 |a Acervo ITESO - Biblioteca 
041 |a ESP 
091 |a FHM. 02895 
100 |a Martínez Tarragó, Trinidad  |e (autor) 
245 1 0 |a México y el orden económico internacional / 
264 1 |a México :  |b Partido Revolucionario Institucional, Secretaría de Asuntos Internacionales,  |c 1982 
300 |a 92 p. ;  |c 16.5 cm. 
336 |a texto  |b txt  |2 rdacontenido 
337 |a sin mediación  |b n  |2 rdamedio 
338 |a volumen  |b nc  |2 rdasoporte 
649 |a XX 
700 |a Flores de la Peña, Horacio  |e (autor) 
700 |a Hernández, Héctor  |e (autor) 
910 |a Fondo Hugo B. Margáin 
920 |a Impresos - Libros 
930 |a Libros Antiguos y Raros 
905 |a 126 
901 |a 0500315038  |b IT2  |c LRA  |i D107583  |u 20250526 
902 |a https://opac.biblio.iteso.mx/vufind/Record/000426806